Why Don't These Rhyme?! #4 - Statistics

General Stats
  • This quiz has been taken 396 times
  • The average score is 20 of 24
Answer Stats
Hint Answer % Correct
Unable to see Blind
95%
Toothpaste flavor Mint
94%
Strong breeze Wind
94%
Ship's commander Captain
93%
Path for cars Road
93%
Not smooth Rough
93%
Do needlework Sew
90%
Lawn moisture Dew
88%
Belly button Navel
88%
Half a quart Pint
88%
Bread grain Wheat
87%
See the world Travel
85%
Really good Great
82%
Possess, own Have
82%
Nevertheless Though
82%
Not narrow Broad
80%
Valiant Brave
79%
Burial chamber Tomb
75%
Walk aimlessly Wander
75%
Spoken defamation Slander
70%
Incendiary device Bomb
69%
Preserve; keep up Maintain
68%
Lawn game Croquet
56%
Sumptuous feast Banquet
54%
No matching quizzes found
Score Distribution
Percent of People with Each Score
Percentile by Number Answered
Your Score History
You have not taken this quiz